[Event "GMA-Open"]
[Site "Belgrade"]
[Date "1988.??.??"]
[Round "?"]
[White "Kapetanovic, Armin"]
[Black "Danilovic, Milorad"]
[Result "1/2-1/2"]
[WhiteElo "2395"]
[BlackElo "2350"]

1.d4 Nf6 2.Nf3 g6 3.c4 Bg7 4.g3 d6 5.Bg2 O-O 6.O-O c5 7.Nc3 Nc6 8.d5 Na5
9.Nd2 e5 10.e4 Ne8 11.b3 f5 12.exf5 gxf5 13.Bb2 Nf6 14.Qc2 Bd7 15.Rae1 b6
16.Nf3 Ne8 17.Nh4 Bh6 18.f4 e4 19.Nd1 Bg7 20.Bxg7 Nxg7 21.Qc3 a6 22.Ne3 Rc8
23.Rf2 Nb7 24.Bf1 Qf6 25.Qxf6 Rxf6 26.Be2 h5 27.h3 Rh6 28.Rh2 Rf8 29.Rf1 Rhf6
30.g4 fxg4 31.hxg4 Rxf4 32.Rxf4 Rxf4 33.gxh5 Kh7 34.Ng6 Rf6 35.Rh4 Be8 36.Ne7 b5
37.Rxe4 bxc4 38.bxc4 Rf7 39.Bd3 Kh6 40.Ng8+ Kxh5 41.Rg4 Nf5 42.Bxf5 Rxf5
43.Kg2 Rf7 44.Kg3 Bd7 45.Rh4+ Kg6 46.Nh6 Rh7 47.Nhf5 Rxh4 48.Nxh4+ Kg5 49.Nf3+ Kf6
50.Kf4 Nd8 51.Ng5 Bc8 52.Ne4+ Ke7 53.Nf5+ Bxf5 54.Kxf5 Nf7 55.Kf4 a5 56.a4 Ne5
57.Nxc5 Nxc4 58.Nb3  1/2-1/2

[Event "GMA-Open"]
[Site "Belgrade"]
[Date "1988.??.??"]
[Round "?"]
[White "Jukic, Mirko"]
[Black "Baquero, Luis A"]
[Result "1/2-1/2"]
[WhiteElo "2470"]
[BlackElo "2345"]

1.d4 Nf6 2.Nf3 g6 3.c4 Bg7 4.g3 O-O 5.Bg2 d6 6.O-O Nbd7 7.Nc3 e5 8.e4 Re8
9.h3 c6 10.Re1 Qb6 11.d5 cxd5 12.cxd5 Nc5 13.Nd2 Nd3 14.Re2 Nxc1 15.Rxc1 Bh6  1/2-1/2

[Event "GMA-Open"]
[Site "Belgrade"]
[Date "1988.??.??"]
[Round "?"]
[White "Baquero, Luis A"]
[Black "Kosanovic, Goran A"]
[Result "0-1"]
[WhiteElo "2345"]
[BlackElo "2395"]

1.d4 Nf6 2.c4 g6 3.Nf3 Bg7 4.g3 O-O 5.Bg2 d6 6.O-O Nc6 7.Nc3 a6 8.h3 Rb8
9.Be3 Nd7 10.Qd2 e5 11.Rad1 Re8 12.Nd5 e4 13.Ne1 f5 14.b4 Nf6 15.Bg5 Rf8
16.Nc2 Ne7 17.Nxf6+ Bxf6 18.Bxf6 Rxf6 19.d5 Bd7 20.Nd4 Qf8 21.f3 exf3 22.exf3 f4
23.g4 g5 24.Rf2 Ng6 25.Re1 Ne5 26.Qc3 Qf7 27.Nb3 Re8 28.Rfe2 h5 29.Rxe5 dxe5
30.Rxe5 hxg4 31.hxg4 Qg6 32.Nc5 Rf7 33.Ne4 Rxe5 34.Qxe5 Qb6+ 35.c5 Qxb4 36.Qxg5+ Kf8
37.Qh6+ Ke8 38.Qh8+ Rf8 39.Qh5+ Kd8 40.Qh4+ Kc8 41.Qf2 Bb5 42.d6 Bc6 43.dxc7 Bxe4
44.fxe4 Qb1+ 45.Kh2 Rh8+ 46.Bh3 Qd3 47.Qg2 Kxc7 48.g5 Kc6 49.g6 Kxc5 50.e5 f3
51.g7 Rg8 52.Qg5 Kb6 53.Qf6+ Ka7 54.Qf8 Qe2+ 55.Kh1 Qe1+ 56.Kh2  0-1

[Event "GMA-Open"]
[Site "Belgrade"]
[Date "1988.??.??"]
[Round "?"]
[White "Dizdarevic, Emir"]
[Black "Ristic, Nebojsa"]
[Result "1/2-1/2"]
[WhiteElo "2495"]
[BlackElo "2360"]

1.Nf3 Nf6 2.c4 g6 3.d4 Bg7 4.g3 O-O 5.Bg2 d6 6.O-O c6 7.Nc3 Qa5 8.e4 Bg4
9.Qb3 Qh5 10.Qxb7 Nbd7 11.e5 Rab8 12.Qxc6 Rfc8 13.Qa6 Bxf3 14.exf6 Nxf6 15.h3 Bxg2
16.Kxg2 Qf5 17.Re1 Qd7 18.b3 e6 19.Be3 Rb6 20.Qa5 Qb7+ 21.d5 exd5 22.Nxd5 Nxd5
23.cxd5 Rb5 24.Qa4 Bxa1 25.Rxa1 Qxd5+ 26.Kh2 a5 27.Qg4 Rc2 28.Rd1 Qe6 29.Qd4 Rh5
30.h4 Qe5 31.Qb6 Rxh4+ 32.Kg1 Re4 33.Bd4 Re1+ 34.Rxe1 Qxe1+ 35.Kh2 Rc8 36.Qxd6 Qe6
37.Qf4 f6 38.Qd2 Qf5 39.Bb6 Rc2 40.Qd4 Qe5 41.Qd8+ Kf7 42.Bd4 Qf5 43.g4 Qf4+
44.Kh3 Qf3+ 45.Kh2 Qc6 46.Bb6 Rc1 47.f3 Rc2+ 48.Kg1 Rxa2 49.Bf2 Qc1+ 50.Kg2 Qd2
51.Qc7+ Kg8 52.Qb8+ Kg7 53.Qc7+ Kf8 54.Qc8+ Ke7 55.Qc5+ Qd6 56.Qa7+ Qd7 57.Qb8 Rc2
58.Qg8 Qe6 59.Qxh7+ Qf7 60.Qh1 Re2 61.Qd1 Re5 62.Qd3 Kf8 63.Qd6+ Kg7 64.Bd4 Re6
65.Qd8 Re2+ 66.Kf1 Qe7 67.Qxa5 Rc2 68.Qa6 Qd8 69.Qb7+ Qc7 70.Qxc7+ Rxc7 71.g5  1/2-1/2

[Event "GMA-Open"]
[Site "Belgrade"]
[Date "1988.??.??"]
[Round "?"]
[White "Vucic, Mladen"]
[Black "Bakic, Rados"]
[Result "1-0"]
[WhiteElo "2400"]
[BlackElo "2360"]

1.d4 Nf6 2.Nf3 g6 3.c4 Bg7 4.g3 O-O 5.Bg2 d6 6.O-O c5 7.Nc3 Nc6 8.dxc5 dxc5
9.Be3 Be6 10.Bxc5 Qa5 11.Ba3 Bxc4 12.Nd4 Nd5 13.Bxd5 Bxd5 14.Nxd5 Qxd5 15.Nxc6 Qxc6
16.Rc1 Qe6 17.Rc7 Rfd8 18.Qb3 Qxb3 19.axb3 e6 20.Rxb7 Rab8 21.Rxb8 Rxb8 22.Rd1 Bf6
23.Rd3 Rd8 24.Rxd8+ Bxd8 25.Bc5 a6 26.Bd4 f6 27.e4 e5 28.Bc5 Kf7 29.Kf1 Ke6
30.Ke2 f5 31.f3 h5 32.Kd3 Kd7 33.exf5 gxf5 34.Kc4 Kc6 35.h3 Bg5 36.b4 Bf6
37.b3 Bg5 38.Bf2 Bh6 39.Bg1 Bc1 40.Bf2 Bg5 41.Bc5 Bh6 42.g4 hxg4 43.fxg4 fxg4
44.hxg4 Bg5 45.Bf8 e4 46.Kd4 e3 47.Kd3 Kd5 48.Bc5 e2 49.Kxe2 Ke4 50.Bd6 Kd4
51.Bg3 Kc3 52.Be1+ Kxb3 53.Kd3 Be7 54.Bc3 Bg5 55.Be1 Be7 56.Kd4 Ka4 57.Kc4 Bg5
58.Kc5 Bd8 59.Bd2 Bf6 60.Kb6  1-0

[Event "Berlin op"]
[Site "Berlin-West"]
[Date "1988.??.??"]
[Round "7"]
[White "Zysk, Robert"]
[Black "Barlov, Dragan"]
[Result "1-0"]
[WhiteElo "2395"]
[BlackElo "2485"]

1.Nf3 Nf6 2.c4 d6 3.d4 g6 4.g3 Bg7 5.Bg2 O-O 6.O-O c6 7.b3 e5 8.dxe5 dxe5
9.Ba3 Qxd1 10.Rxd1 Re8 11.Nc3 Nbd7 12.Ng5 Nf8 13.Nge4 Nxe4 14.Nxe4 Ne6 15.Nd6 Rd8
16.Nxc8 Raxc8 17.Be7 Re8 18.Rd7 Rc7 19.Rxc7 Nxc7 20.Bc5 Ne6 21.Bxa7 Ra8 22.Bb6 Ra6
23.Be3 f5 24.a4 f4 25.Bd2 Nd4 26.Rb1 Nxe2+ 27.Kf1 Nd4 28.Be4 Ra8 29.a5 Rd8
30.Bc3 Ne6 31.b4 Ng5 32.Bc2 fxg3 33.hxg3 e4 34.Bxg7 Kxg7 35.Rd1 Rf8 36.Rd7+ Kh6
37.Ke2 c5 38.Rxb7 Ra8 39.Rb5 cxb4 40.Ke3 Ra7 41.Bxe4 b3 42.Bb7 Nf7 43.a6 Nd6
44.Kd3  1-0

[Event "Berlin op"]
[Site "Berlin-West"]
[Date "1988.??.??"]
[Round "9"]
[White "Hulak, Krunoslav"]
[Black "Nijboer, Friso"]
[Result "1/2-1/2"]
[WhiteElo "2490"]
[BlackElo "2420"]

1.d4 Nf6 2.c4 g6 3.Nf3 Bg7 4.g3 O-O 5.Bg2 d6 6.O-O Nc6 7.Nc3 a6 8.h3 Rb8
9.a4 Na5 10.b3 c5 11.Ra3 cxd4 12.Nxd4 Bd7 13.Be3 Nc6 14.Nc2 Qc8 15.Kh2 Ng4+
16.hxg4 Bxc3 17.Qd3 Bb2 18.Bxc6 bxc6 19.Ra2 Bg7 20.f3 a5 21.Rb1 Qc7 22.Qd2 e5
23.Bh6 Bxh6 24.Qxh6 d5 25.cxd5 cxd5 26.Qd2 d4 27.Na3 Rb4 28.Rc1 Qb8 29.Nc4 Rxb3
30.Qxa5 Re8 31.Nd2 Rb2 32.Rxb2 Qxb2 33.Rc7 Be6 34.Kg1 Rb8 35.Kf2 d3 36.Qc3 dxe2
37.Qxb2 Rxb2 38.Kxe2 e4 39.fxe4 Bxg4+ 40.Ke3 Ra2 41.Ra7 Ra3+ 42.Kf4 Be2 43.e5 h6
44.e6 fxe6 45.Ke5 Rxg3 46.Kf6 Bd3 47.Rg7+ Kf8 48.Rd7 Ke8 49.Rd6 Bf5 50.Nc4 Rf3
51.Ne5 Rf1 52.Kg7 Be4 53.Rxe6+  1/2-1/2

[Event "Bern op"]
[Site "Bern"]
[Date "1988.??.??"]
[Round "?"]
[White "Bottema, Tom"]
[Black "Nemet, Ivan"]
[Result "1/2-1/2"]
[WhiteElo "2240"]
[BlackElo "2435"]

1.d4 Nf6 2.Nf3 g6 3.c4 Bg7 4.g3 O-O 5.Bg2 d6 6.O-O c6 7.Nc3 Bf5 8.Nd2 Qb6
9.Nb3 a5 10.c5 Qd8 11.cxd6 exd6 12.d5 Nxd5 13.Nxd5 cxd5 14.Qxd5 Nc6 15.Be3 Re8
16.Rad1 a4 17.Nd2 Ra5 18.Qf3 Bc8 19.Nc4 Rf5 20.Bb6 Qe7 21.Qa3 Rb5 22.Be3 Be6
23.Nxd6 Rxb2 24.Qxa4 Rxa2 25.Qe4 Rf8 26.Nxb7  1/2-1/2

[Event "Biel-B"]
[Site "Biel"]
[Date "1988.??.??"]
[Round "6"]
[White "Landenbergue, Claude"]
[Black "Zapata, Alonso"]
[Result "0-1"]
[WhiteElo "2325"]
[BlackElo "2480"]

1.Nf3 Nf6 2.c4 g6 3.d4 Bg7 4.g3 O-O 5.Bg2 d6 6.Nc3 Nc6 7.O-O a6 8.Bd2 Bd7
9.b3 Rb8 10.Rc1 b5 11.d5 Na7 12.Be3 c5 13.dxc6 Nxc6 14.Nd5 Ng4 15.Bg5 h6
16.cxb5 axb5 17.Rxc6 hxg5 18.Rc1 Ne5 19.Nd4 e6 20.Nb4 Qa5 21.Nbc6 Bxc6 22.Nxc6 Nxc6
23.Rxc6 d5 24.a4 bxa4 25.bxa4 Rb4 26.Qc1 Qxa4 27.Rc8 g4 28.h3 gxh3 29.Bxh3 Rc4
30.Rxf8+ Bxf8 31.Qg5 Qc2 32.Bg4 Qe4 33.Bf3 Qd4 34.Qd8 Kg7 35.Kg2 Bc5 36.Qe8 Rc2
37.Qd8 Rd2 38.Qh4 Qxh4 39.gxh4 e5 40.Rc1 Be7 41.h5 e4 42.Bg4 f5 43.Rc7 fxg4
44.hxg6 Rxe2 45.Rxe7+ Kxg6 46.Kg3 Rd2 47.Re8 Kf5 48.Rf8+ Ke5 49.Rg8 Rd3+
50.Kg2 g3 51.fxg3 Rd2+ 52.Kf1 e3 53.g4 d4 54.g5 d3  0-1

[Event "Bielsko Biala"]
[Site "Bielsko Biala"]
[Date "1988.??.??"]
[Round "5"]
[White "Stempin, Pawel"]
[Black "Bosboom, Manuel"]
[Result "1/2-1/2"]
[WhiteElo "2450"]
[BlackElo "2355"]

1.d4 Nf6 2.Nf3 g6 3.c4 Bg7 4.g3 O-O 5.Bg2 d6 6.Nc3 Nbd7 7.O-O e5 8.e4 c6
9.h3 Qa5 10.Re1 exd4 11.Nxd4 Ne5 12.Bf1 Re8 13.Rb1 Be6 14.Nxe6 Rxe6 15.Bd2 Rae8
16.Kg2 Qd8 17.Qb3 Qa8 18.f3 a6 19.a4 a5 20.Rbd1 Ned7 21.Qc2 Nc5 22.Be3 Nfd7
23.Bf2 Qd8 24.Ne2 Qb6 25.Nf4 R6e7 26.Rxd6 Qxb2 27.Qxb2 Bxb2 28.Rb1 Ba3 29.Rdd1 Bb4
30.Nd3 Nxd3  1/2-1/2

[Event "Bielsko Biala"]
[Site "Bielsko Biala"]
[Date "1988.??.??"]
[Round "5"]
[White "Bany, Jerzy"]
[Black "Staniszewski, Piotr"]
[Result "1-0"]
[WhiteElo "2450"]
[BlackElo "2440"]

1.Nf3 Nf6 2.c4 g6 3.d4 Bg7 4.g3 O-O 5.Bg2 d6 6.O-O Nbd7 7.Nc3 e5 8.e4 exd4
9.Nxd4 Nc5 10.h3 Re8 11.Re1 a5 12.b3 c6 13.Bf4 Qb6 14.Bxd6 Nfd7 15.Nde2 Ne5
16.Bxc5 Qxc5 17.Qc2 b5 18.cxb5 cxb5 19.Rac1 Bb7 20.Qd2 Qb6 21.Nf4 Bh6 22.Qe2 Rad8
23.Red1 Rxd1+ 24.Rxd1 b4 25.Ncd5 Qc6 26.Qe3 Bg7 27.Rc1 Qd6 28.Qa7 Bxd5 29.Nxd5 Nd3
30.Rc7 Qe5 31.Rxf7 Rc8 32.Rxg7+  1-0

[Event "Delmenhorst"]
[Site "Delmenhorst"]
[Date "1988.??.??"]
[Round "?"]
[White "Lanzendoerfer, Johannes"]
[Black "Hausner, Ivan"]
[Result "0-1"]
[WhiteElo "2235"]
[BlackElo "2425"]

1.d4 Nf6 2.c4 g6 3.Nf3 Bg7 4.g3 O-O 5.Bg2 d6 6.Nc3 Nbd7 7.O-O e5 8.e4 c6
9.h3 Qb6 10.Re1 exd4 11.Nxd4 Ne8 12.Nf3 Ne5 13.Nxe5 dxe5 14.Be3 Qxb2 15.Na4 Qb4
16.Bc5 Qxc4 17.Bxf8 Bxf8 18.Qb3 Qxb3 19.axb3 Nc7 20.Rec1 Be7 21.Bf1 Kf8 22.Rc2 Bd8
23.Nc5 Ne6 24.Nxe6+ Bxe6 25.Kg2 Bb6 26.Bc4 Bd4 27.Rd1 Bxc4 28.Rxc4 a5 29.f4 f6
30.Rd2 c5 31.Ra2 b5 32.Rc1 Ke7 33.Kf3 Kd6 34.Ke2 Kc6 35.Rb1 Kb6 36.h4 Rc8
37.Rc2 b4 38.Kd3 Kb5 39.Rbc1 Rd8 40.Ke2 Re8 41.Kd3 Rd8 42.Ke2 Ra8 43.Ra2 a4
44.Rxa4 Rxa4 45.bxa4+ Kxa4 46.fxe5 fxe5 47.Kd3 b3 48.Kc4 b2 49.Rb1 Ka3  0-1

[Event "DEN-chB"]
[Site "?"]
[Date "1988.??.??"]
[Round "2"]
[White "Jelling, Erik"]
[Black "Hvenekilde, Jorgen"]
[Result "1/2-1/2"]
[WhiteElo "2350"]
[BlackElo "2320"]

1.d4 Nf6 2.c4 g6 3.Nf3 Bg7 4.g3 O-O 5.Bg2 d6 6.O-O Nc6 7.Nc3 Bf5 8.b3 Ne4
9.Bb2 Nxc3 10.Bxc3 Be4 11.Rc1 d5 12.e3 a5 13.Qe2 a4 14.Rfd1 axb3 15.axb3 Na5
16.Nd2 Bxg2 17.Kxg2 Qd7 18.e4 e6 19.Ra1 Nc6 20.Nf3 Rxa1 21.Bxa1 Ra8 22.Bc3 Rd8
23.Rd3 h5 24.h3 b6 25.Qe3 Qc8 26.cxd5 exd5 27.e5 Re8 28.Qf4 Nd8 29.Qc1 Ne6  1/2-1/2

[Event "Dieren op"]
[Site "Dieren"]
[Date "1988.??.??"]
[Round "3"]
[White "De Boer, Gert Jan"]
[Black "Nemet, Ivan"]
[Result "1/2-1/2"]
[WhiteElo "2385"]
[BlackElo "2425"]

1.d4 Nf6 2.c4 g6 3.Nf3 Bg7 4.g3 O-O 5.Bg2 d6 6.Nc3 c6 7.O-O Bf5 8.Bf4 Ne4
9.Nxe4 Bxe4 10.Qd2 d5 11.cxd5 Qxd5 12.Rfd1 Rd8 13.Be3 Na6 14.a3 Qb5 15.Bf1 c5
16.Qc3 Rac8 17.Rac1 Qd7 18.Qa5 cxd4 19.Rxc8 Rxc8 20.Ne5 Qc7 21.Rc1 Bxe5 22.Rxc7 Bxc7
23.Qd2 dxe3 24.Qxe3 f5 25.Qxa7 Bd6 26.Qe3 Bc5 27.Qb3+ Kg7 28.Bg2 Bxg2 29.Kxg2 Rc7
30.Qc3+ Kf7 31.Qh8 h5 32.Qh7+ Kf6 33.Qh8+ Kf7 34.Qh7+ Kf6 35.Qh8+ Kf7 36.Qh7+  1/2-1/2

[Event "Dornbirn op"]
[Site "Dornbirn"]
[Date "1988.??.??"]
[Round "?"]
[White "Hulak, Krunoslav"]
[Black "Szell, Lajos"]
[Result "1-0"]
[WhiteElo "2475"]
[BlackElo "2370"]

1.d4 Nf6 2.c4 g6 3.g3 Bg7 4.Bg2 O-O 5.Nf3 d6 6.O-O c5 7.d5 e5 8.dxe6 fxe6
9.Nc3 Qe7 10.Bf4 Rd8 11.Ng5 Nc6 12.Nge4 e5 13.Nxf6+ Bxf6 14.Nd5 Qg7 15.Nxf6+ Qxf6
16.Bd2 Be6 17.Rc1 Rd7 18.e3 Rf8 19.Qe2 Qf5 20.h3 Qg5 21.Kh2 h5 22.f4 exf4
23.gxf4 Qh4 24.Qd3 Kh7 25.Rg1 Nb4 26.Qf1 Bf5 27.e4 Be6 28.Bh1 Qf6 29.Rc3 Rg7
30.Rcg3 Rgg8 31.f5 gxf5 32.Bc3 Qh4 33.exf5 Rxg3 34.Rxg3 Rg8 35.Rxg8 Bxg8
36.f6 Kg6 37.f7 Bxf7 38.Be4+  1-0

[Event "DSV-Turnier"]
[Site "Dresden"]
[Date "1988.??.??"]
[Round "?"]
[White "Khasin, Alexander"]
[Black "Vogt, Lothar"]
[Result "1/2-1/2"]
[WhiteElo "2425"]
[BlackElo "2485"]

1.Nf3 Nf6 2.g3 g6 3.c4 Bg7 4.d4 O-O 5.Bg2 d6 6.Nc3 Nbd7 7.O-O e5 8.e4 a6
9.Re1 exd4 10.Nxd4 Ne5 11.b3 c5 12.Nc2 Rb8 13.h3 Ne8 14.Bb2 b5 15.f4 Nc6
16.cxb5 axb5 17.e5 Bb7 18.Nxb5 dxe5 19.fxe5 Qg5 20.Qg4 Qxg4 21.hxg4 Nb4 22.Nxb4 cxb4
23.Nd4 Bxg2 24.Kxg2 Nc7 25.a4 bxa3 26.Bxa3 Rfe8 27.Bd6 Rb7 28.b4 f6 29.Rac1 Nd5
30.exf6 Nxf6 31.Nc6 Rxe1 32.Rxe1 Rb6 33.Ne7+ Kf7 34.Nc8 Rc6 35.Re7+ Kg8 36.Rc7 Rxc7
37.Bxc7 Nd5 38.Bd6 Kf7 39.Bc5 Ke6 40.b5 Be5 41.Kf3 Nc3 42.b6 Kd5 43.Be3 Kc6
44.Ne7+ Kb7 45.g5 Bd6 46.Ng8 Nd5 47.g4 Nxe3 48.Kxe3 Ba3 49.Ke4 Bc1 50.Nf6 Bxg5
51.Nxh7 Be7 52.Ke5 Kxb6 53.Ke6 Bh4 54.Kf7 g5 55.Kg6 Kc7 56.Nxg5 Kd7 57.Kh5 Bf2  1/2-1/2

[Event "Eindhoven op"]
[Site "Eindhoven"]
[Date "1988.??.??"]
[Round "?"]
[White "Brenninkmeijer, Joris"]
[Black "Gelpke, Peter"]
[Result "1/2-1/2"]
[WhiteElo "2385"]
[BlackElo "2395"]

1.d4 Nf6 2.c4 g6 3.g3 Bg7 4.Bg2 d6 5.Nf3 O-O 6.O-O Nbd7 7.Nc3 c6 8.e4 e5
9.h3 Qa5 10.Re1 Re8 11.a3 exd4 12.Nxd4 Ne5 13.Bf1 Be6 14.Nxe6 Rxe6 15.b4 Qc7
16.Be3 Ned7 17.Qc2 Rae8 18.Bg2 Nb6 19.Qd3 Qe7 20.Rac1 Nfd7 21.Ne2 Ne5 22.Qb3 Qc7
23.Nd4 R6e7 24.f4 Nexc4 25.Rxc4 Nxc4 26.Qxc4 d5 27.Qc2 dxe4 28.Nb3 f5 29.Bf1 Kh8
30.Qf2 b6 31.Rc1 Qd7 32.Qc2 Re6 33.Be2 Rd6 34.Kf2 Bf6 35.a4 Rd8 36.Qc4 Kg7
37.Rc2 Qf7 38.Qxf7+ Kxf7 39.a5 Rb8 40.axb6 axb6 41.Ra2 Rd7 42.Ra6 Bc3 43.Bxb6 Bxb4
44.Be3 Rc8 45.g4 Bd6 46.Bc4+ Kf6 47.Na5 Rdc7 48.Rb6 fxg4 49.hxg4 h5 50.Ba6 Rf8
51.Nxc6 hxg4 52.Ne5 Rd8 53.Bd4 Kf5 54.Nc4 Bxf4 55.Ne3+ Bxe3+ 56.Kxe3 Rcd7
57.Rb5+ Rd5 58.Rb4 Rxd4 59.Rxd4 Rxd4 60.Kxd4  1/2-1/2

[Event "Eppingen BM"]
[Site "Eppingen"]
[Date "1988.??.??"]
[Round "?"]
[White "Raupp, Thomas"]
[Black "Ostl, Andreas"]
[Result "1-0"]
[WhiteElo "2295"]
[BlackElo "2320"]

1.c4 g6 2.d4 Bg7 3.g3 d6 4.Bg2 Nf6 5.Nf3 O-O 6.Nc3 Nbd7 7.O-O e5 8.e4 c6
9.h3 Qb6 10.Re1 Re8 11.Re2 exd4 12.Nxd4 Ne5 13.b3 a6 14.Be3 c5 15.Nc2 Qc7
16.Rc1 Rb8 17.Rd2 Bf8 18.Bg5 Ned7 19.Ne3 b6 20.Ned5 Nxd5 21.Nxd5 Qa7 22.Bf6 Bb7
23.Bb2 Bxd5 24.Rxd5 Qc7 25.Qc2 Be7 26.Rcd1 Rbd8 27.f4 Nb8 28.Qc3 f6 29.e5 fxe5
30.fxe5 dxe5 31.Qxe5 Qxe5 32.Bxe5 Nc6 33.Rxd8 Nxd8 34.Bd5+ Nf7 35.Rf1 Rf8
36.a4  1-0

[Event "Esbjerg-B"]
[Site "Esbjerg"]
[Date "1988.??.??"]
[Round "9"]
[White "Jelling, Erik"]
[Black "Jacobsen, Bo"]
[Result "0-1"]
[WhiteElo "2375"]
[BlackElo "2290"]

1.d4 Nf6 2.c4 g6 3.Nf3 d6 4.g3 Bg7 5.Bg2 O-O 6.O-O c6 7.Nc3 a6 8.e4 Nfd7
9.Re1 b5 10.e5 Nb6 11.c5 dxc5 12.dxc5 Qxd1 13.Nxd1 Nd5 14.Ne3 Be6 15.Nd4 Ra7
16.a4 b4 17.f4 Nxe3 18.Bxe3 Bd5 19.Bxd5 cxd5 20.Rac1 Rc8 21.c6 Rac7 22.Rc5 f6
23.Rxd5 fxe5 24.fxe5 Nxc6 25.Ne6 Nxe5 26.Red1 Rc2 27.Rd8+ Rxd8 28.Rxd8+ Kf7
29.Ng5+ Kf6 30.Rd2 Rxd2 31.Bxd2 h6 32.Nh7+ Kf7 33.Bxb4 Nd3  0-1

[Event "Frankfurt"]
[Site "Frankfurt"]
[Date "1988.??.??"]
[Round "7"]
[White "Roeschlau, Bernd"]
[Black "Mukic, Josko"]
[Result "1/2-1/2"]
[WhiteElo "2250"]
[BlackElo "2420"]

1.d4 Nf6 2.c4 g6 3.g3 Bg7 4.Bg2 O-O 5.Nf3 d6 6.O-O Nbd7 7.Nc3 e5 8.e4 exd4
9.Nxd4 Nc5 10.Nb3 Nfd7 11.Be3 a5 12.Qc2 Ne6 13.Rad1 Ne5 14.Qe2 a4 15.Nc1 a3
16.b3 h5 17.Qc2 Ng4 18.Bd2 h4 19.N1e2 hxg3 20.hxg3 c6 21.Nb1 Be5 22.Qc1 Qf6
23.Bh3 Bb2 24.Qc2 Ng5 25.Bxg5 Qxg5 26.Kg2 Be5 27.Qd2 Qxd2 28.Rxd2 f5 29.exf5 gxf5
30.Nf4 Kg7 31.Re1 Nf6 32.Nd3 Ne4 33.Rc2 Bf6 34.Nf4 Be5 35.Rd1 Rh8 36.f3 Ng5
37.Rh1 Bd7 38.Re2 Rae8 39.Nd3 Nxh3 40.Rxh3 Bb2 41.Rd2 Rxh3 42.Kxh3 Re3 43.f4 d5
44.Nxb2 Rxb3 45.Nxa3 Rxa3 46.cxd5 Rxa2 47.dxc6 Bxc6 48.Kh4 Kf6 49.g4 fxg4
50.Kxg4 Ra1 51.Rd6+ Ke7 52.Rh6  1/2-1/2

[Event "Frunze"]
[Site "Frunze"]
[Date "1988.??.??"]
[Round "?"]
[White "Kharitonov, Andrei Y"]
[Black "Kozlov, V."]
[Result "1/2-1/2"]
[WhiteElo "2550"]
[BlackElo "2410"]

1.d4 Nf6 2.Nf3 g6 3.c4 Bg7 4.g3 O-O 5.Bg2 d6 6.Nc3 Nbd7 7.O-O e5 8.e4 a6
9.dxe5 dxe5 10.Qc2 c6 11.h3 Qe7 12.a3 a5 13.Rd1 Nc5 14.Be3 Nfd7 15.b4 axb4
16.axb4 Rxa1 17.Rxa1 Ne6 18.c5  1/2-1/2

[Event "Frunze"]
[Site "Frunze"]
[Date "1988.??.??"]
[Round "?"]
[White "Dautov, Rustem"]
[Black "Yurtaev, Leonid"]
[Result "1-0"]
[WhiteElo "2525"]
[BlackElo "2485"]

1.d4 Nf6 2.Nf3 g6 3.c4 Bg7 4.g3 O-O 5.Bg2 d6 6.Nc3 e5 7.e4 exd4 8.Nxd4 Nbd7
9.O-O Nc5 10.h3 Re8 11.Re1 h6 12.Nb3 Be6 13.Nxc5 dxc5 14.Qe2 c6 15.Be3 Qa5
16.Bd2 Qa6 17.b3 Rad8 18.Rad1 Rd4 19.Be3 Rxd1 20.Rxd1 Nd7 21.Qd2 h5 22.f4 Qa5
23.Na4 Qxd2 24.Rxd2 b6 25.e5 f6 26.Bxc6 Re7 27.Nc3 Bxh3 28.Nd5 Rf7 29.Bxd7 Rxd7
30.exf6 Bf8 31.Rd1 Kf7 32.Bc1 Bg4 33.Rd2 Bh6 34.Bb2 g5 35.Be5 gxf4 36.gxf4 Rd8
37.Rh2 Bf8 38.Kf2 Ke6 39.Rh1 Rd7 40.Kg3 Kf7 41.Re1 Be6 42.Rd1 b5 43.Kh4 Bg4
44.Re1 a6 45.Kg5 Bf3 46.Re3 Bg4 47.f5 Rb7 48.Nf4 bxc4 49.Ne6 Rd7 50.bxc4 Bd1
51.Nxf8 Kxf8 52.Kg6 Ba4 53.Ra3  1-0

[Event "Frunze"]
[Site "Frunze"]
[Date "1988.??.??"]
[Round "?"]
[White "Aseev, Konstantin N"]
[Black "Yurtaev, Leonid"]
[Result "1-0"]
[WhiteElo "2445"]
[BlackElo "2485"]

1.d4 Nf6 2.c4 g6 3.Nf3 Bg7 4.g3 O-O 5.Bg2 d6 6.O-O Nbd7 7.Nc3 e5 8.e4 exd4
9.Nxd4 Nc5 10.h3 Re8 11.Re1 Bd7 12.Rb1 h6 13.Kh2 Re5 14.f3 Rh5 15.Nde2 g5
16.b4 Ne6 17.Nd5 a5 18.Ne3 axb4 19.g4 Rxa2 20.Rxb4 Rh4 21.Nf5 h5 22.Nxh4 gxh4
23.Qb3 Ra8 24.g5 Nc5 25.Qc2 Nh7 26.f4 Ba4 27.Qd2 Nb3 28.Qe3 Na1 29.Rb2 c5
30.Qd3 Nf8 31.Nc3 Bc6 32.Nd5 Ne6 33.Rf2 Bxd5 34.exd5 Nd4 35.f5 Be5+ 36.Rxe5 dxe5
37.f6 Nab3 38.Be3 Qd6 39.Qe4 Qd7 40.Bf1  1-0

[Event "Frunze"]
[Site "Frunze"]
[Date "1988.??.??"]
[Round "?"]
[White "Nenashev, Alexander"]
[Black "Yurtaev, Leonid"]
[Result "1/2-1/2"]
[WhiteElo "2445"]
[BlackElo "2485"]

1.d4 Nf6 2.c4 g6 3.g3 Bg7 4.Bg2 O-O 5.Nf3 d6 6.O-O Nbd7 7.Qc2 e5 8.Nc3 Re8
9.d5 a5 10.e4 Nc5 11.Bg5 h6 12.Be3 b6 13.h3 Nh5 14.a3 f5 15.b4 Nxe4 16.Nxe4 fxe4
17.Nd2 axb4 18.axb4 Rxa1 19.Rxa1 Nf4 20.Kh2 Nxg2 21.Kxg2 Qd7 22.Rh1 b5 23.Nxe4 Qf7
24.cxb5 Rf8 25.Kh2 Qxd5 26.Nd2 Bxh3 27.Qc4 Qxc4 28.Nxc4 Bd7 29.b6 d5 30.Rd1 Be6
31.Bc5 Re8 32.b7 dxc4 33.Be7 Rxe7 34.b8=Q+ Kh7 35.Kg1 c3 36.Rc1 e4 37.Qd8 Rd7
38.Qe8 Bf5 39.b5 h5 40.Qa8 e3 41.fxe3 c2 42.Qa4 Rd2 43.e4 Bd4+ 44.Kf1 Bxe4
45.Ke1 Bc3 46.Qc4 Rd1+ 47.Ke2 Bf3+ 48.Kxf3 Rxc1 49.Qxc7+ Bg7 50.Qc4 Rb1 51.Qxc2 Rxb5
52.g4  1/2-1/2

[Event "Arnold Cup"]
[Site "Gausdal"]
[Date "1988.??.??"]
[Round "?"]
[White "Kristiansen, Erling"]
[Black "Winsnes, Rikard"]
[Result "0-1"]
[WhiteElo "2295"]
[BlackElo "2270"]

1.d4 Nf6 2.c4 g6 3.Nf3 Bg7 4.g3 O-O 5.Bg2 d6 6.Nc3 Nc6 7.d5 Na5 8.Nd2 c5
9.O-O a6 10.a3 Nd7 11.Qc2 Ne5 12.Nd1 b5 13.cxb5 axb5 14.Rb1 b4 15.Re1 Bd7
16.f4 b3 17.Nxb3 Ba4 18.fxe5 Bxb3 19.Qe4 dxe5 20.d6 Qxd6 21.Be3 Nc4 22.Rc1 Nxe3
23.Qxe3 Rab8 24.Qxc5 Qd2 25.Nf2 Qxb2 26.Qxe7 Rfe8 27.Qc7 Qxa3 28.Ne4 Be6
29.Rc3 Qb4 30.Rd1 Rbc8 31.Qd6 Qb2 32.Rxc8 Rxc8 33.Ng5 Bf8 34.Qa6 Rc1 35.Rf1 Qd4+
36.Kh1 Rxf1+ 37.Bxf1 Bd5+  0-1

[Event "Dreszer mem"]
[Site "Gdynia"]
[Date "1988.??.??"]
[Round "6"]
[White "Tomaszewski, Roman"]
[Black "Petkevich, Jusefs"]
[Result "1-0"]
[WhiteElo "2370"]
[BlackElo "2465"]

1.d4 Nf6 2.c4 g6 3.Nf3 Bg7 4.g3 O-O 5.Bg2 d6 6.Nc3 Nc6 7.O-O Bf5 8.b3 Ne4
9.Nd5 Nf6 10.Nxf6+ Bxf6 11.Bh6 Re8 12.d5 Na5 13.Rc1 c5 14.Re1 Be4 15.Bh3 e6
16.dxe6 fxe6 17.Qd2 b6 18.Rcd1 Nb7 19.Qe3 d5 20.Ng5 Bf5 21.g4 Bc2 22.Rc1 Be4
23.Nxe4 dxe4 24.Qxe4 Nd6 25.Qg2 g5 26.f4 Nf7 27.fxg5 Bxg5 28.Rcd1 Qc7 29.Bxg5 Nxg5
30.Rd3 Rad8 31.Qg3 Qxg3+ 32.Rxg3 Rd2 33.a4 Red8 34.Bg2 Rb2 35.h4 Nf7 36.Re3 Rd6
37.Rf1 Kg7 38.g5 Nd8 39.Rf6  1-0

[Event "Regional-Liga NS"]
[Site "Germany"]
[Date "1988.??.??"]
[Round "?"]
[White "Zschaebitz, Klaus"]
[Black "Rohde, Ulrich"]
[Result "0-1"]
[WhiteElo "2325"]
[BlackElo "2320"]

1.d4 Nf6 2.c4 g6 3.g3 Bg7 4.Bg2 O-O 5.Nf3 d6 6.O-O Nc6 7.Nc3 Rb8 8.b3 a6
9.Bb2 b5 10.cxb5 axb5 11.d5 Na5 12.a4 bxa4 13.Rxa4 Nxb3 14.Rh4 e5 15.Na2 Nc5
16.Bc1 Bd7 17.Bg5 Qc8 18.Nc3 Qa6 19.Qc2 Qa3 20.Bc1 Qb3 21.Qd2 Rb4 22.Rxb4 Qxb4
23.Ng5 Rb8 24.Qe3 h6 25.Nh3 Ng4 26.Qd2 f5 27.f3 Nb3 28.Qc2 Nd4 29.Qd3 e4
30.Nxe4 fxe4 31.Qxe4 Nf6 32.Qd3 Re8 33.Nf4 g5 34.Ba3 Qb6 35.Rb1 Bb5 36.Qg6 Nxe2+
37.Kh1 Nxf4 38.gxf4 Qf2 39.Bb4 Re2 40.Rg1 Be8 41.Qd3 Re3 42.Qd1 Qe2 43.Qb1 Qd3
44.Qa1 Ng4 45.Qa2 Re2  0-1

[Event "Bundesliga 8788"]
[Site "Germany"]
[Date "1988.??.??"]
[Round "?"]
[White "Raupp, Thomas"]
[Black "Smejkal, Jan"]
[Result "1/2-1/2"]
[WhiteElo "2300"]
[BlackElo "2515"]

1.d4 Nf6 2.Nf3 g6 3.g3 Bg7 4.c4 O-O 5.Bg2 d6 6.O-O Nc6 7.Nc3 a6 8.d5 Na5
9.Nd2 c5 10.Qc2 Rb8 11.b3 b5 12.Bb2 e5 13.Rae1 Nh5 14.Nd1 Bh6 15.e3 Bf5 16.e4 Bd7
17.Bc3 b4 18.Bb2 Nb7 19.f3 f5 20.exf5 gxf5 21.Nf2 Qc7 22.Nd3 Rbe8 23.Re2 Nd8
24.Rfe1 Nf7 25.Qd1 Qd8 26.f4 e4 27.Nf2 Bg7 28.Nf1 Bxb2 29.Rxb2 Qf6 30.Rd2 Ng7
31.Ne3 h5 32.h4 a5 33.Nh3 a4 34.Qa1 Qxa1 35.Rxa1 Ra8 36.Rb1 axb3 37.axb3 Ra3
38.Kf2 Rfa8 39.Ke1 Ra1 40.Rb2 Rxb1+ 41.Rxb1 Ra2 42.Nf2 Ne8 43.Bf1 Kg7 44.Be2 Kg6
45.Bd1 Nf6 46.Bc2 Nd8 47.Kd1 Nb7 48.Kc1 Na5 49.Rb2 Ra3 50.Nfd1 Nb7 51.Kb1 Nd8
52.Ra2 Rxa2 53.Kxa2 Nf7 54.Nf2 Nh6 55.Bd1 Nhg4 56.Bxg4 hxg4 57.Nh1 Nh5 58.Ng2  1/2-1/2

[Event "BL2-S8788"]
[Site "Germany"]
[Date "1988.??.??"]
[Round "?"]
[White "Mandl, Robert"]
[Black "Seibold, Hubert"]
[Result "1/2-1/2"]
[WhiteElo "2285"]
[BlackElo "2220"]

1.d4 Nf6 2.c4 g6 3.Nf3 Bg7 4.g3 O-O 5.Bg2 d6 6.O-O c6 7.Nc3 Qa5 8.h3 Be6
9.d5 cxd5 10.Nd4 dxc4 11.Bxb7 Nbd7 12.Bxa8 Rxa8 13.Nxe6 fxe6 14.Qa4 Qxa4
15.Nxa4 Ne4 16.Rb1 Rb8 17.Be3 d5 18.Kg2 Rb4 19.b3 d4 20.f3 Nd6 21.Bg5 Kf7
22.Rbc1 c3 23.Rc2 Rb5 24.Bc1 Ne5 25.e3 Nc6 26.exd4 Nb4 27.Rxc3 Bxd4 28.Ba3 Bxc3
29.Nxc3 Rb7 30.Bxb4 Rxb4 31.Rd1 Rb7 32.Kf2 Rc7 33.Rd3 e5 34.g4 e4 35.Re3 exf3
36.Rxf3+ Ke6 37.Ke2 Rc5 38.Kd3 Re5 39.b4 h5 40.gxh5 Rxh5 41.Re3+ Kd7 42.Rg3 Nf5
43.Rxg6 Rxh3+ 44.Kd2 Nd6 45.Kc2  1/2-1/2